000 01642nam a2200361 a 4500
001 ebr10657894
003 CaPaEBR
006 m u
007 cr cn|||||||||
008 121004s2013 enka sb 001 0 eng d
010 _z 2012039879
020 _z9781118323984 (cloth)
020 _z9781118323991 (pbk.)
020 _z9781118493137 (e-book)
040 _aCaPaEBR
_cCaPaEBR
035 _a(OCoLC)812614712
050 1 4 _aGN27
_b.A683 2013eb
082 0 4 _a301
_223
245 0 4 _aThe anthropology of performance
_h[electronic resource] :
_ba reader /
_cedited by Frank J. Korom.
260 _aChichester :
_bWiley-Blackwell,
_cc2013.
300 _aviii, 296 p. :
_bill.
490 1 _aWiley-Blackwell anthologies in social and cultural anthropology ;
_v16
504 _aIncludes bibliographical references and index.
505 0 _apt. 1. Performance in prehistory and antiquity -- pt. 2. Verbal genres of performance -- pt. 3. Ritual, drama, and public spectacle -- pt. 4. Performance and politics in the making of communities -- pt. 5. Tourist performances and the global ecumene.
533 _aElectronic reproduction.
_bPalo Alto, Calif. :
_cebrary,
_d2013.
_nAvailable via World Wide Web.
_nAccess may be limited to ebrary affiliated libraries.
650 0 _aAnthropology.
650 0 _aPerformance.
655 7 _aElectronic books.
_2local
700 1 _aKorom, Frank J.
710 2 _aebrary, Inc.
830 0 _aBlackwell anthologies in social and cultural anthropology ;
_v16.
856 4 0 _uhttp://site.ebrary.com/lib/rucke/Doc?id=10657894
_zAn electronic book accessible through the World Wide Web; click to view
999 _c64916
_d64916